Нейтронно-физические аспекты проблемы обращения с облученным ядерным топливом с повышенной глубиной выгорания; Известия Томского политехнического университета [Известия ТПУ]; Т. 313, № 2: Математика и механика. Физика
| Parent link: | Известия Томского политехнического университета [Известия ТПУ]/ Томский политехнический университет (ТПУ).— , 2000- Т. 313, № 2: Математика и механика. Физика.— 2008.— [С. 62-66] |
|---|---|
| مؤلفون آخرون: | , , , |
| الملخص: | Заглавие с титульного листа Электронная версия печатной публикации Рассмотрены основные источники нейтронного излучения в облученном ядерном топливе. Установлено, что при повышенных глубинах выгорания ядерного топлива и выдержки его от трех лет и более основным нейтронным излучателем является {244}Cm, а вклад (alpha, n)-реакции в общую нейтронную активность обусловлен наличием изотопов Pu, Am и Cm. Оценены параметры радиационной обстановки вблизи транспортного контейнера серийной конструкции при размещении в нем стандартных облученных тепловыделяющих сборок и сборок на базе UO[2] и PuO[2]. Показано, что эффективность защиты транспортного контейнера с ростом глубины выгорания сборки существенно снижается. |
| اللغة: | الروسية |
| منشور في: |
2008
|
| سلاسل: | Математика и механика. Физика |
| الموضوعات: | |
| الوصول للمادة أونلاين: | http://www.lib.tpu.ru/fulltext/v/Bulletin_TPU/2008/v313/i2/15.pdf |
| التنسيق: | MixedMaterials الكتروني فصل الكتاب |
| KOHA link: | https://koha.lib.tpu.ru/cgi-bin/koha/opac-detail.pl?biblionumber=173475 |
MARC
| LEADER | 00000nla2a2200000 4500 | ||
|---|---|---|---|
| 001 | 173475 | ||
| 005 | 20231227110412.0 | ||
| 035 | |a (RuTPU)RU\TPU\book\188156 | ||
| 035 | |a RU\TPU\book\188143 | ||
| 090 | |a 173475 | ||
| 100 | |a 20091225d2008 k y0rusy50 ca | ||
| 101 | 0 | |a rus | |
| 102 | |a RU | ||
| 135 | |a drnn ---uucaa | ||
| 181 | 0 | |a i | |
| 182 | 0 | |a b | |
| 200 | 1 | |a Нейтронно-физические аспекты проблемы обращения с облученным ядерным топливом с повышенной глубиной выгорания |f И. В. Шаманин [и др.] | |
| 203 | |a Текст |c электронный | ||
| 215 | |a 1 файл (196 Кб) | ||
| 225 | 1 | |a Математика и механика. Физика | |
| 300 | |a Заглавие с титульного листа | ||
| 300 | |a Электронная версия печатной публикации | ||
| 320 | |a [Библиогр.: с. 66 (12 назв.)] | ||
| 330 | |a Рассмотрены основные источники нейтронного излучения в облученном ядерном топливе. Установлено, что при повышенных глубинах выгорания ядерного топлива и выдержки его от трех лет и более основным нейтронным излучателем является {244}Cm, а вклад (alpha, n)-реакции в общую нейтронную активность обусловлен наличием изотопов Pu, Am и Cm. Оценены параметры радиационной обстановки вблизи транспортного контейнера серийной конструкции при размещении в нем стандартных облученных тепловыделяющих сборок и сборок на базе UO[2] и PuO[2]. Показано, что эффективность защиты транспортного контейнера с ростом глубины выгорания сборки существенно снижается. | ||
| 337 | |a Adobe Reader | ||
| 461 | 1 | |0 (RuTPU)RU\TPU\book\176237 |t Известия Томского политехнического университета [Известия ТПУ] |f Томский политехнический университет (ТПУ) |d 2000- | |
| 463 | 1 | |0 (RuTPU)RU\TPU\book\188068 |x 1684-8519 |t Т. 313, № 2: Математика и механика. Физика |v [С. 62-66] |d 2008 |p 137 с. | |
| 610 | 1 | |a нейтронно-физические аспекты | |
| 610 | 1 | |a облученное ядерное топливо | |
| 610 | 1 | |a выгорание | |
| 610 | 1 | |a источники | |
| 610 | 1 | |a нейтронное излучение | |
| 610 | 1 | |a выдержка | |
| 610 | 1 | |a нейтронные излучатели | |
| 610 | 1 | |a изотопы | |
| 610 | 1 | |a радиационная обстановка | |
| 610 | 1 | |a транспортные контейнеры | |
| 610 | 1 | |a тепловыделяющая сборка | |
| 610 | 1 | |a МОХ-топливо | |
| 610 | 1 | |a актиноиды | |
| 610 | 1 | |a легкие ядра | |
| 610 | 1 | |a мощность | |
| 610 | 1 | |a труды учёных ТПУ | |
| 610 | 1 | |a электронный ресурс | |
| 701 | 1 | |a Шаманин |b И. В. |c российский физик-ядерщик, специалист в области атомной энергетики |c профессор Томского политехнического университета, доктор физико-математических наук |f 1962- |g Игорь Владимирович |3 (RuTPU)RU\TPU\pers\22022 | |
| 701 | 1 | |a Гаврилов |b П. М. |c специалист в области атомной энергетики |c профессор Томского политехнического университета, доктор технических наук |f 1960- |g Петр Михайлович |3 (RuTPU)RU\TPU\pers\27697 |9 12771 | |
| 701 | 1 | |a Беденко |b С. В. |c физик |c доцент Томского политехнического университета, кандидант физико-математических наук |f 1980- |g Сергей Владимирович |3 (RuTPU)RU\TPU\pers\25456 |9 11395 | |
| 701 | 1 | |a Мартынов |b В. В. | |
| 801 | 1 | |a RU |b 63413507 |c 20090623 |g PSBO | |
| 801 | 2 | |a RU |b 63413507 |c 20211207 |g PSBO | |
| 856 | 4 | |u http://www.lib.tpu.ru/fulltext/v/Bulletin_TPU/2008/v313/i2/15.pdf | |
| 942 | |c CF | ||